Optimalizácia logistiky z hľadiska nákladov vo firme Volkswagen Slovakia, a.s.[DVD-ROM] : Diplomová práca

Saved in:
Bibliographic Details
Main Author: Šaušová, Barbora (Author)
Format: Manuscript Book
Language:Slovak
Published: Bratislava : STU v Bratislave SjF, 2007
Edition:1.vyd.
Subjects:
Tags: Add Tag
No Tags, Be the first to tag this record!

MARC

LEADER 00000ntm a22000003a 4500
001 stu153884
005 20150617230011.3
008 071211s2007----xo------------------slo-d
040 |a STU  |b slo 
041 0 |a slo 
044 |a xo 
100 1 |a Šaušová, Barbora  |4 aut  |u J120  |U SjF Ústav výrobných systémov, enviromentálnej techniky a manažment kvality  |T SjF Katedra výrobných systémov  |U J120  |Y 38 
245 1 |a Optimalizácia logistiky z hľadiska nákladov vo firme Volkswagen Slovakia, a.s.[DVD-ROM] :  |b Diplomová práca 
250 |a 1.vyd. 
260 |a Bratislava :  |b STU v Bratislave SjF,  |c 2007 
300 |a 102 s 
650 7 |a optimalization  |2 estusub 
650 7 |a logistics  |2 estusub 
650 7 |a costs  |2 estusub 
650 7 |a regionalization  |2 estusub 
650 7 |a Optimalizácia logistiky  |2 stusub 
650 7 |a regionalizácia  |2 stusub 
650 7 |a dodávateľ  |2 stusub 
650 7 |a náklady  |2 stusub 
650 7 |a Volkswagen Slovakia, a.s.  |2 stusub 
996 |b 284J032019  |c J*108419  |l JJSK  |s A  |a 24  |w stu153884_0001